00904cam a22002531 4500001001300000003000400013005001700017008004100034010001700075035001900092040002100111042001200132050001600144100003000160245008100190260013500271300005000406500001700456504002500473650003800498700005000536710004700586999001700633agr67000135 DLC20260227111026.0760805s1966 dcu f000 0 eng  aagr67000135  a(OCoLC)2357283 aDLCcTxComSdDLC apremarc00aS599.T4bW51 aWilliams, Jack C.,d1928-10aSoil survey, Gray County, Texasc[by Jack C. Williams and Anthony J. Welker. aWashington]bU.S. Dept. of Agriculture, Soil Conservation Service; [for sale by the Supt. of Docs., U.S. Govt. Print. Off.]c1966. a73 p.billus., maps (part fold. col.)c28 cm. aCover title. aBibliography: p. 72. 0aSoil surveyszTexaszGray County.1 aWelker, Anthony Joseph,d1913-ejoint author.1 aUnited States.bSoil Conservation Service. c12191d12191